Trung Quốc - Thách thức nghiêm trọng của thế kỷ XXI

সংরক্ষণ করুন:
গ্রন্থ-পঞ্জীর বিবরন
বিন্যাস: গ্রন্থ
ভাষা:Undetermined
প্রকাশিত: Hà Nội Văn hóa Thông tin 2004
বিষয়গুলি:
ট্যাগগুলো: ট্যাগ যুক্ত করুন
কোনো ট্যাগ নেই, প্রথমজন হিসাবে ট্যাগ করুন!
Thư viện lưu trữ: Trung tâm Học liệu Trường Đại học Cần Thơ
LEADER 00547nam a2200193Ia 4500
001 CTU_88138
008 210402s9999 xx 000 0 und d
020 |c 88000 
082 |a 330.951 
082 |b Tr513 
245 0 |a Trung Quốc - Thách thức nghiêm trọng của thế kỷ XXI 
245 0 |c Minh Giang dịch 
260 |a Hà Nội 
260 |b Văn hóa Thông tin 
260 |c 2004 
650 |a China 
650 |x Economic conditions 
904 |i M.Loan 
980 |a Trung tâm Học liệu Trường Đại học Cần Thơ